Cartography in the Ancient Near East

Bibliographic Details
Published in:The history of cartography, J.B. Harley and David Woodward, Chicago [etc.], P. 107-116
Main Author: Millard, Alan R.
Content type: Article
Published: 1987
Source:MPIPL_cat

MARC

LEADER 00000naa a2200000 u 4500
001 PL0053658
003 PLI01000000000000000053340
005 00000000000000.0
008 ||| u
100 1 |a Millard, Alan R. 
245 0 0 |a Cartography in the Ancient Near East  |c A.R. Millard 
260 |c 1987 
696 |a Millard, Alan Ralph 
773 0 8 |t The history of cartography  |a J.B. Harley and David Woodward  |d Chicago [etc.]  |g P. 107-116  |w MPIPL_cat.PL0053653  |z 0-226-31633-5  |i In: 
952 |h P. 107-116 
996 |a Aufsatz 
997 |a book chapter